| 000 | 00863nam a2200229Ii 4500 | ||
|---|---|---|---|
| 003 | JO-AjNU | ||
| 008 | 230605s9999||||xx |||||||||||||| ||und|| | ||
| 017 | _a2010/8/3033 | ||
| 020 | _a978-9957-07-903-1 | ||
| 040 |
_aJO-AjNU _bara _erda _cJO-AjNU |
||
| 041 | _aara | ||
| 050 | 1 | 4 | _aHF 5625. 15.T453 2010 |
| 100 | 3 |
_aالذيبة، زياد عبد الحليم /م.مشارك حسين محمد سمحان, _eauthor _943123 |
|
| 245 | 0 | 0 | _aدراسات محاسبية اسلامية |
| 250 | _aط1 | ||
| 264 | 3 | 1 | _aعمان: دار الفكر ناشرون وموزعون،2010 |
| 300 |
_a284ص _bيحتوي على ببلوغرافية من ص279-284 ص |
||
| 336 |
_atext _btxt _2rdacontent |
||
| 337 |
_aunmediated _bn _2rdamedia |
||
| 338 |
_avolume _bnc _2rdacarrier |
||
| 650 | 4 |
_aالمحاسبة المالية- الاقتصاد الاسلامي _943124 |
|
| 999 |
_aA18516 _c22084 _d22084 |
||